00659nam a2200229 a 4500001001300000003000900013005001700022008004100039020001000080082001700090100001700107245001900124260004500143300000900188500003500197505002600232650002100258902000800279942000700287952011800294999001700412nice12345678IN_TiNIC20260116014556.0050524s2001 newa grp 000 0 urd  ac14000a297.124bSAL aSaleh, Subhi aUloomul Hadees aNew DelhibIslamic Book Foundationc2001 a452p aincludes index and biblioraphy2 aIndex, Quranic Verses aHadith-Criticism bSRS cBK 001040708StackRoom-aHMIbHMId2007-08-07g140.00l0o297.124 SALp020593r2007-08-07v140.00w2005-05-24yBK c16045d16045